MARC

LEADER 00000nam0a2200000 4500
001 269207
005 20231101234232.0
010 |a 3540151354 
035 |a (RuTPU)RU\TPU\book\292380 
090 |a 269207 
100 |a 20140915d1985 km y0engy50 ba 
101 0 |a eng 
102 |a DE 
105 |a a z 101zy 
200 1 |a Tunable Solid State lasers  |e proceedings of the First International Conference La Jolla, Calif., june 13-15 ,1984  |f edited by P. Hammerling, A. D. Budgor, A. Pinto 
210 |a Berlin  |a Heidelberg  |a New York  |a Tokyo  |c Springer-Verlag  |d 1985 
215 |a 203 p.  |c il. 
225 1 |a Springer Series in Optical Sciences  |v Vol. 47 
320 |a Index: p. 203. 
606 1 |a Лазеры твердотельные  |2 stltpush  |3 (RuTPU)RU\TPU\subj\39832  |9 59737 
610 1 |a квантовые генераторы 
610 1 |a лазеры 
610 1 |a лазерная аппаратура 
610 1 |a лазерная техника 
610 1 |a твердотельные камеры 
610 1 |a твердотельные квантовые генераторы 
610 1 |a твердотельные лазеры 
610 1 |a конференции 
610 1 |a Калифорния 
675 |a 621.373.826.038.825(063)  |v 3 
702 1 |a Hammerling  |b P.  |4 340 
702 1 |a Budgor  |b A. D.  |4 340 
702 1 |a Pinto  |b A.   |4 340 
712 1 2 |a Tunable Solid State lasers  |c International Conference  |e La Jolla, Calif  |f 1984 
801 1 |a RU  |b 63413507  |c 20140915 
801 2 |a RU  |b 63413507  |c 20151013  |g RCR 
942 |c BK